Configuration management : the missing link in Web engineering /

Bibliographic Details
Main Author: Dart, Susan, 1957-
Format: Book
Language:English
Published: Boston, MA : Artech House, 2000.
Subjects:

MARC

Tag First Indicator Second Indicator Subfields
LEADER 00000pam a22000004a 4500
001 in00001589913
005 20151022121254.0
008 000712s2000 mau b 001 0 eng
010 |a  00059389  
015 |a GBA0-W2679 
020 |a 1580530982 (alk. paper) 
029 1 |a UKM  |b bA0W2679 
035 |a (OCoLC)ocm44613215 
040 |a DLC  |c DLC  |d UKM  |d C#P  |d UtOrBLW 
042 |a pcc 
049 |a TXAM 
050 0 0 |a TK5105.888  |b .D37 2000 
082 0 0 |a 005.2/76  |2 21 
100 1 |a Dart, Susan,  |d 1957- 
245 1 0 |a Configuration management :  |b the missing link in Web engineering /  |c Susan Dart. 
264 1 |a Boston, MA :  |b Artech House,  |c 2000. 
300 |a xvii, 276 pages ;  |c 24 cm. +  |e + 1 CD-ROM (4 3/4 in.) 
336 |a text  |b txt  |2 rdacontent 
337 |a unmediated  |b n  |2 rdamedia 
338 |a volume  |b nc  |2 rdacarrier 
500 |a "Artech House computing library." 
504 |a Includes bibliographical references and index. 
650 0 |a Web sites  |x Management. 
650 0 |a Web site development. 
650 0 |a Software configuration management. 
945 |i promptcat 
949 |l A14826448401 
994 |a 92  |b TXA 
948 |a cataloged  |b h  |c 2001/1/11  |d c  |e jlanham  |f 1:07:08 pm 
999 |a MARS 
999 f f |s 37c5f0e6-211a-3c90-9f9b-8d7106b3b911  |i 154930f7-d714-3639-bafc-913c588f6eac  |t 0 
952 f f |p ric  |a Texas A&M University  |b Rellis Campus  |c Joint Library Facility  |d Remote Storage  |t 0  |e TK5105.888 .D37 2000  |h Library of Congress classification  |i unmediated -- volume  |m A14826448401 
998 f f |a TK5105.888 .D37 2000  |t 0  |l Remote Storage